banner-ar

الصف المقلوب والسقالة التعليمية : (Record no. 67145)

MARC details
000 -الفاتح
حقل البيانات ثابتة الطول 01174nam a2200265Ia 4500
005 - وقت وتاريخ اخر تعامل مع التسجيلة
رقم الضبط 20240530110959.0
008 - عناصر البيانات ثابتة الطول - معلومات عامة
حقل البيانات ثابتة الطول 140319s2022 ua g b 000 0 ara d
017 ## - رقم الايداع القانونى
رقم الايداع القانونى 2021/25890
المصدر ( الهيئة المختصة) مصر. دار الكتب
020 ## - الرقم الدولى المعيارى للكتب
الرقم الدولى المعيارى للكتاب 9789778603101
040 ## - مصدر الفهرسة
وكالة الفهرسة الأصلية GCL /
وكالة النسخ GCL
082 04 - رقم تصنيف ديوى العشرى
رقم الطبعة 21
رقم التصنيف 371.3
رقم المادة أ ص
100 0# - المدخل الرئيسى - إسم شخصى
الإسم الشخصى احمد عبدالدايم عبدالغفار
245 12 - بيان العنوان
العنوان الصف المقلوب والسقالة التعليمية :
بقية العنوان تطبيقات فى تدريس العلوم والرياضيات /
بيان المسئوليه,etc تاليف احمد عبدالدايم عبدالغفار، محمد جاد الكريم عبدالعظيم
250 ## - بيان الطبعة
بيان الطبعة الاولى
260 ## - PUBLICATION, DISTRIBUTION, ETC. (IMPRINT)
تاريخ النشر أو التوزيع 2022
300 ## - الوصف المادى
التعداد 239 ص ؛
أبعاد الوعاء 24 سم
504 ## - تبصرة ببليوجرافية
تبصرة ببليوجرافية,الخ يشتمل على ارجاعات ببليوجرافية
650 07 - المدخل الاضافى بالموضوع-مصطلح موضوعى
مصدر الرأس أو المصطلح qrmak
مصطلح موضوعي طرق التدريس
650 07 - المدخل الاضافى بالموضوع-مصطلح موضوعى
مصدر الرأس أو المصطلح qrmak
مصطلح موضوعي العلوم
التقسيم الفرعي العام تدريس
650 07 - المدخل الاضافى بالموضوع-مصطلح موضوعى
مصدر الرأس أو المصطلح qrmak
مصطلح موضوعي الرياضيات
التقسيم الفرعي العام تدريس
650 07 - المدخل الاضافى بالموضوع-مصطلح موضوعى
مصدر الرأس أو المصطلح qrmak
مصطلح موضوعي المناهج
700 0# - المدخل الاضافى - اسم شخصى
الإسم الشخصى محمد جاد الكريم عبدالعظيم
الدور مؤلف مشارك
942 ## - عناصر المدخل الإضافي( كوها)
مصدر التصنيف او مخطط الترفيف Dewey Decimal Classification
Koha [default] item type كتاب
260 ## - PUBLICATION, DISTRIBUTION, ETC. (IMPRINT)
-- القاهرة :
-- المركز الاكاديمى العربى،
Holdings
حالة التراجع حالة الفقد حالة تلف ليس للاعارة المكان المؤقت الموقع الحالى موقع الترفيف تاريخ الاكتساب اجمالي اﻻعارات رقم الطلب الباركود تاريخ اخر مشاهدة تاريخ تفعيل السعر نوع وعاء كوها
        مكتبة القاهرة الكبرى مكتبة القاهرة الكبرى ق الرئيسية_العلوم الاجتماعية_ك عربى 01/16/2023   371.3 أ ص 169181 01/16/2023 01/16/2023 كتاب

Powered By

EGPV